LEADER 01309nam2 22003253i 450 001 MIL0237879 005 20231121125542.0 010 $a9028600515 100 $a20160725d1971 ||||0itac50 ba 101 | $aeng 102 $anl 181 1$6z01$ai $bxxxe 182 1$6z01$an 200 1 $a˜4: œStateless domain$fby J. H. W. Verzijl 210 $aLeyden$cSijthoff$d1971 215 $aVIII, 305 p.$d25 cm. 225 | $aNova et vetera iuris gentium$i. Series A, Modern International law$v8 410 0$1001MIL0135433$12001 $aNova et vetera iuris gentium$i. Series A, Modern International law$v8 461 1$1001MIL0135369$12001 $aInternational law in historical perspective$fby J. H. W. Verzijl$v4 606 $aDiritto internazionale$2FIR$3RMLC002887$9I 676 $a341$9$v21 700 1$aVerzijl$b, Jan Hendrik Willem$3MILV087167$4070$0282292 801 3$aIT$bIT-01$c20160725 850 $aIT-FR0098 899 $aBiblioteca Area Giuridico Economica$bFR0098 912 $aMIL0237879 950 2$aBiblioteca Area Giuridico Economica$d 53DSG 15/64$e 53VM 0000739125 VM barcode:BAGE009357. - Inventario:12569. - Fondo:Sala consultazioneVM$fA $h20080407$i20121204 977 $a 53 996 $aStateless domain$93610020 997 $aUNICAS LEADER 04790nam 2200685 450 001 9910813509603321 005 20230807215350.0 010 $a3-11-042766-4 010 $a3-11-042772-9 024 7 $a10.1515/9783110427660 035 $a(CKB)3710000000405845 035 $a(EBL)2035737 035 $a(SSID)ssj0001481963 035 $a(PQKBManifestationID)12577613 035 $a(PQKBTitleCode)TC0001481963 035 $a(PQKBWorkID)11508099 035 $a(PQKB)11394040 035 $a(MiAaPQ)EBC2035737 035 $a(DE-B1597)452071 035 $a(OCoLC)908512757 035 $a(OCoLC)979589812 035 $a(DE-B1597)9783110427660 035 $a(Au-PeEL)EBL2035737 035 $a(CaPaEBR)ebr11049753 035 $a(CaONFJC)MIL807913 035 $a(EXLCZ)993710000000405845 100 $a20150324h20152015 uy| 0 101 0 $aeng 135 $aur|nu---|u||u 181 $ctxt 182 $cc 183 $acr 200 00$aFrom comic strips to graphic novels $econtributions to the theory and history of graphic narrative /$fedited by Daniel Stein and Jan-Noel Thon 205 $aSecond edition. 210 1$aBerlin ;$aBoston :$cDe Gruyter,$d[2015] 210 4$d©2015 215 $a1 online resource (424 p.) 300 $aDescription based upon print version of record. 311 $a3-11-042767-2 311 $a3-11-042656-0 320 $aIncludes bibliographical references and index. 327 $tFront matter --$tTable of Contents --$tIntroduction: From Comic Strips to Graphic Novels --$tPART I. GRAPHIC NARRATIVE AND NARRATOLOGICAL CONCEPTS --$tZooming In and Out: Panels, Frames, Sequences, and the Building of Graphic Storyworlds /$rHorstkotte, Silke --$tSpace, Time, and Causality in Graphic Narratives: An Embodied Approach /$rKukkonen, Karin --$tWho's Telling the Tale? Authors and Narrators in Graphic Narrative /$rThon, Jan-Noël --$tSubjectivity and Style in Graphic Narratives /$rMikkonen, Kai --$tPART II. GRAPHIC NARRATIVE BEYOND THE 'SINGLE WORK' --$tGraphic Memoir: Neither Fact Nor Fiction /$rPedri, Nancy --$tSuperhero Comics and the Authorizing Functions of the Comic Book Paratext /$rStein, Daniel --$tIntermediality, Transmediality, and Graphic Narrative /$rRippl, Gabriele / Etter, Lukas --$tComics in the Intersecting Histories of the Window, the Frame, and the Panel /$rSmith, Greg M. --$tPART III. GENRE AND FORMAT HISTORIES OF GRAPHIC NARRATIVE --$tA History of the Narrative Comic Strip /$rGardner, Jared --$tNarration in the Flemish Dual Publication System: The Crossover Genre of the Humoristic Adventure /$rLefèvre, Pascal --$tUn/Taming the Beast, or Graphic Novels (Re)Considered /$rMeyer, Christina --$tArchival, Ephemeral, and Residual: The Functions of Early Comics in Art Spiegelman's In the Shadow of No Towers /$rJenkins, Henry --$tPART IV. GRAPHIC NARRATIVE ACROSS CULTURES --$tAnglo-American Graphic Narrative /$rRound, Julia --$tEuropean Graphic Narratives: Toward a Cultural and Mediological History /$rBaetens, Jan / Surdiacourt, Steven --$tGhostly: 'Asian Graphic Narratives,' Nonnonba, and Manga /$rBerndt, Jaqueline --$tGraphic Narrative as World Literature /$rSchmitz-Emans, Monika --$tIndex (Persons) --$tIndex (Works) 330 $aThis essay collection examines the theory and history of graphic narrative as one of the most interesting and versatile forms of storytelling in contemporary media culture. Its contributions test the applicability of narratological concepts to graphic narrative, examine aspects of graphic narrative beyond the 'single work', consider the development of particular narrative strategies within individual genres, and trace the forms and functions of graphic narrative across cultures. Analyzing a wide range of texts, genres, and narrative strategies from both theoretical and historical perspectives, the international group of scholars gathered here offers state-of-the-art research on graphic narrative in the context of an increasingly postclassical and transmedial narratology. This is the revised second edition of From Comic Strips to Graphic Novels, which was originally published in the Narratologia series. 606 $aComic books, strips, etc$xHistory and criticism 606 $aGraphic novels$xHistory and criticism 606 $aNarration (Rhetoric) 615 0$aComic books, strips, etc.$xHistory and criticism. 615 0$aGraphic novels$xHistory and criticism. 615 0$aNarration (Rhetoric) 676 $a741.5/9 686 $aEC 7120$2rvk 702 $aStein$b Daniel$f1975- 702 $aThon$b Jan-Noe?l 801 0$bMiAaPQ 801 1$bMiAaPQ 801 2$bMiAaPQ 906 $aBOOK 912 $a9910813509603321 996 $aFrom comic strips to graphic novels$94091340 997 $aUNINA